[Event "Santa Eugenia op 14th"]
[Site "Girona"]
[Date "2019.07.30"]
[Round "4"]
[White "Rex, Torsten Claus"]
[Black "Massaguer Soles, Francesc"]
[Result "1-0"]
[WhiteElo "1972"]
[BlackElo "1695"]
[PlyCount "101"]
[EventDate "2019.07.29"]
[EventType "swiss"]
[EventRounds "9"]
[EventCountry "ESP"]
[SourceTitle "EXT 2020"]
[Source "ChessBase"]
[SourceDate "2019.10.17"]
[SourceVersion "1"]
[SourceVersionDate "2019.10.17"]
[SourceQuality "1"]

1. Nf3 Nf6 2. b3 d6 3. d4 c5 4. e3 Bg4 5. Be2 Nc6 6. 0-0 g6 7. Bb2 Bg7 8. c4 0-0 9. d5 Bxf3 10. Bxf3 Nb8 11. Nc3 Nbd7 12. Qc2 a6 13. a4 Rb8 14. g3 Ne5 15. Bg2 Qc8 16. h3 h5 17. f4 Ned7 18. e4 Nh7 19. Nd1 f6 20. e5 dxe5 21. Qxg6 Qe8 22. Qf5 exf4 23. gxf4 Rf7 24. Bf3 Ndf8 25. Bxh5 e6 26. dxe6 Qxe6 27. Bxf7+ Qxf7 28. Ne3 Qg6+ 29. Qxg6 Nxg6 30. Nd5 f5 31. Bxg7 Kxg7 32. Rfe1 Nf6 33. Rad1 Ne4 34. Kh2 Nh4 35. Rd3 Kf7 36. Rg1 Rd8 37. a5 Nd2 38. Kg3 Ne4+ 39. Kh2 Nd2 40. Kh1 Ne4 41. Re3 Re8 42. Kh2 Re6 43. Rge1 Rg6 44. R1e2 Rg7 45. Nc3 Rg6 46. Rd3 Rd6 47. Rxd6 Nxd6 48. Re5 Nf3+ 49. Kg3 Nxe5 50. fxe5 Ke6 51. exd6 1-0

[Event "Santa Eugenia op 13th"]
[Site "Santa Eugenia"]
[Date "2018.08.01"]
[Round "5"]
[White "Barea Garcia, Lluis"]
[Black "Massaguer Soles, Francesc"]
[Result "1/2-1/2"]
[WhiteElo "1596"]
[BlackElo "1683"]
[PlyCount "101"]
[EventDate "2018.07.30"]
[EventType "swiss"]
[EventRounds "9"]
[EventCountry "ESP"]
[SourceTitle "CBM 185 Extra"]
[Source "ChessBase"]
[SourceDate "2018.07.29"]
[SourceVersion "1"]
[SourceVersionDate "2018.07.29"]
[SourceQuality "1"]

1. d4 f5 2. Nc3 Nf6 3. Bg5 e6 4. Nf3 d5 5. e3 c6 6. Ne5 Be7 7. Be2 0-0 8. 0-0 Nbd7 9. a3 Nxe5 10. dxe5 Ne4 11. Bxe7 Qxe7 12. Nxe4 fxe4 13. f4 exf3 14. Rxf3 Bd7 15. Rxf8+ Rxf8 16. Qd4 c5 17. Qg4 Rf5 18. Qg3 Qg5 19. Qxg5 Rxg5 20. c3 Rxe5 21. Kf2 Rf5+ 22. Kg3 e5 23. Rd1 Bc6 24. Bf3 e4 25. Bg4 Rf6 26. Be2 Kf8 27. Rf1 Ke7 28. Rf4 Rg6+ 29. Kf2 Rf6 30. g3 Rxf4+ 31. gxf4 Kf6 32. Bg4 c4 33. h4 h6 34. Bc8 g5 35. hxg5+ hxg5 36. Kg3 gxf4+ 37. Kxf4 a5 38. Bg4 Ba4 39. Bc8 b6 40. Bb7 Ke6 41. Bc8+ Kd6 42. Bg4 Bc2 43. Be2 Kc5 44. Ke5 Ba4 45. Bg4 Bc6 46. Bd1 b5 47. Bc2 b4 48. axb4+ axb4 49. cxb4+ Kxb4 50. Kd4 Bb7 51. Bd1 1/2-1/2

[Event "Santa Eugenia op 12th"]
[Site "Santa Eugenia"]
[Date "2017.08.04"]
[Round "9"]
[White "Massaguer Soles, Francesc"]
[Black "Turon Crosa, Isaac"]
[Result "0-1"]
[WhiteElo "1717"]
[BlackElo "1681"]
[PlyCount "76"]
[EventDate "2017.07.31"]
[EventType "swiss"]
[EventRounds "9"]
[EventCountry "ESP"]
[SourceTitle "CBM 179 Extra"]
[Source "ChessBase"]
[SourceDate "2017.08.23"]
[SourceVersion "1"]
[SourceVersionDate "2017.08.23"]
[SourceQuality "1"]

1. d4 Nf6 2. Nc3 d5 3. Bg5 Nbd7 4. e4 Nxe4 5. Nxe4 dxe4 6. f3 Nf6 7. Bxf6 exf6 8. fxe4 Bd6 9. Nf3 0-0 10. Bd3 Re8 11. 0-0 Bg4 12. c3 c5 13. Qe2 cxd4 14. cxd4 Qb6 15. Qf2 Bxf3 16. gxf3 Bf4 17. Kh1 Rad8 18. d5 Rd6 19. Qxb6 Rxb6 20. Rf2 Re5 21. b3 Rh5 22. Rg1 Be3 23. Rc2 g5 24. Rgg2 Bf4 25. Rg4 Rh3 26. Rxf4 gxf4 27. Kg2 Rh5 28. Rc8+ Kg7 29. Rd8 Re5 30. d6 Re6 31. d7 Rbd6 32. Bb5 a6 33. Rc8 Rd2+ 34. Kh3 Red6 35. Bc4 Rxd7 36. a4 Rc2 37. Rc5 Kf8 38. Rc8+ Ke7 0-1

[Event "Santa Eugenia op 12th"]
[Site "Santa Eugenia"]
[Date "2017.08.01"]
[Round "3"]
[White "Massaguer Soles, Francesc"]
[Black "Ruiz Planas, Adelito"]
[Result "1-0"]
[WhiteElo "1717"]
[BlackElo "1796"]
[PlyCount "87"]
[EventDate "2017.07.31"]
[EventType "swiss"]
[EventRounds "9"]
[EventCountry "ESP"]
[SourceTitle "CBM 179 Extra"]
[Source "ChessBase"]
[SourceDate "2017.08.23"]
[SourceVersion "1"]
[SourceVersionDate "2017.08.23"]
[SourceQuality "1"]

1. d4 Nf6 2. Nc3 e6 3. e4 d5 4. Bg5 Be7 5. e5 Nfd7 6. Bxe7 Qxe7 7. Bd3 a6 8. f4 c5 9. Nf3 cxd4 10. Ne2 Nc6 11. 0-0 Nc5 12. Nexd4 Nxd3 13. Qxd3 Bd7 14. Nxc6 bxc6 15. c3 c5 16. a4 a5 17. c4 Bc6 18. cxd5 exd5 19. f5 0-0 20. Rae1 Qb7 21. f6 Qb4 22. fxg7 Rfe8 23. Ng5 Qd4+ 24. Qxd4 cxd4 25. Rxf7 h6 26. Rf6 hxg5 27. Rxc6 Rab8 28. Rd6 Rxb2 29. Rxd5 Rb4 30. Rxa5 Rc8 31. Rd5 Rxa4 32. e6 Kxg7 33. e7 Raa8 34. Rxg5+ Kf6 35. Rd5 Re8 36. Rxd4 Ra2 37. Rf4+ Kg7 38. h3 Ra7 39. Re3 Raxe7 40. Rg3+ Kh8 41. Rh4+ Rh7 42. Rxh7+ Kxh7 43. Kf2 Re7 44. Rg4 1-0

[Event "Sant Gregori Ajuntament op 2nd"]
[Site "Sant Gregori"]
[Date "2017.07.03"]
[Round "1.10"]
[White "Herce Carrera, Javier"]
[Black "Massaguer Soles, Francesc"]
[Result "0-1"]
[WhiteElo "1693"]
[BlackElo "1964"]
[PlyCount "48"]
[EventDate "2017.07.03"]
[EventType "swiss"]
[EventRounds "7"]
[EventCountry "ESP"]
[SourceTitle "EXT 2024"]
[Source "ChessBase"]
[SourceDate "2023.10.10"]
[SourceVersion "1"]
[SourceVersionDate "2023.10.10"]
[SourceQuality "1"]

1. d4 Nf6 2. Bf4 d6 3. Nf3 Bg4 4. Nbd2 Nbd7 5. e3 g6 6. h3 Bxf3 7. Qxf3 c6 8. Bd3 Bg7 9. c4 0-0 10. 0-0 e5 11. Bh2 Re8 12. Rae1 Qa5 13. Qd1 d5 14. a3 exd4 15. Nb3 Qb6 16. exd4 dxc4 17. Bxc4 Rad8 18. Rxe8+ Rxe8 19. Re1 Qd8 20. Nc5 Rxe1+ 21. Qxe1 Nxc5 22. dxc5 Qd4 23. Qb4 Nd5 24. Bxd5 Qd1+ 0-1

[Event "Girona Pont Major op 2nd"]
[Site "Girona"]
[Date "2017.05.05"]
[Round "3"]
[White "Massaguer Soles, Francesc"]
[Black "Dilme Ferrer, Josep M"]
[Result "1-0"]
[WhiteElo "1690"]
[BlackElo "1711"]
[PlyCount "84"]
[EventDate "2017.04.21"]
[EventType "swiss"]
[EventRounds "8"]
[EventCountry "ESP"]
[SourceTitle "CBM 187 Extra"]
[Source "ChessBase"]
[SourceDate "2018.11.04"]
[SourceVersion "1"]
[SourceVersionDate "2018.11.04"]
[SourceQuality "1"]

1. Nf3 Nf6 2. b3 Nc6 3. Bb2 d5 4. e3 Bg4 5. Be2 e6 6. 0-0 Bd6 7. d4 0-0 8. Nbd2 a6 9. c4 b6 10. a3 a5 11. Ne5 Bxe5 12. dxe5 Bxe2 13. Qxe2 Nd7 14. Nf3 Qe7 15. Rad1 f6 16. cxd5 Ncxe5 17. dxe6 Qxe6 18. Nxe5 Nxe5 19. Bxe5 fxe5 20. Qc4 Qxc4 21. bxc4 Rad8 22. Rd5 Rxd5 23. cxd5 e4 24. f3 exf3 25. gxf3 Rf7 26. Kf2 Kf8 27. Rc1 Ke8 28. e4 Kd7 29. Ke3 g5 30. a4 Rf4 31. Rg1 h6 32. Rg4 Rxf3+ 33. Kxf3 c6 34. dxc6+ Kxc6 35. Rg2 b5 36. axb5+ Kxb5 37. Kg4 Kc4 38. Rd2 a4 39. e5 a3 40. e6 Kc3 41. Ra2 Kb3 42. Rxa3+ Kxa3 1-0

[Event "Girona-ch"]
[Site "Banyoles"]
[Date "2016.10.09"]
[Round "2"]
[White "Massaguer Soles, Francesc"]
[Black "Carrasco Holgado, David"]
[Result "0-1"]
[WhiteElo "1759"]
[BlackElo "2001"]
[PlyCount "116"]
[EventDate "2016.10.02"]
[EventType "swiss"]
[EventRounds "9"]
[EventCountry "ESP"]
[SourceTitle "EXT 2018"]
[Source "ChessBase"]
[SourceDate "2017.10.13"]
[SourceVersion "1"]
[SourceVersionDate "2017.10.13"]
[SourceQuality "1"]

1. d4 d5 2. Bf4 Nf6 3. e3 c6 4. c4 e6 5. Nf3 Bd6 6. Bxd6 Qxd6 7. c5 Qc7 8. Bd3 Nbd7 9. Nbd2 e5 10. Nh4 e4 11. Be2 Nf8 12. g4 g5 13. Nf5 Bxf5 14. gxf5 Qd7 15. Qb3 Rb8 16. Qa4 a6 17. Nf1 Qxf5 18. Ng3 Qe6 19. h3 h5 20. Qd1 h4 21. Bg4 Nxg4 22. Qxg4 hxg3 23. Qxg3 Rd8 24. Qxg5 Rxh3 25. Rxh3 Qxh3 26. Ke2 Qf3+ 27. Kf1 Qh1+ 28. Qg1 Qxg1+ 29. Kxg1 Ne6 30. b4 Ng5 31. a4 Kd7 32. Kf1 Nf3 33. Ke2 Rh8 34. Rb1 Kc7 35. b5 axb5 36. axb5 cxb5 37. Ra1 b4 38. Rb1 b3 39. c6 bxc6 40. Rxb3 Rh1 41. Rb7+ Kd6 42. Rd7+ Ke6 43. Re7+ Kf5 44. Rxf7+ Kg4 45. Rg7+ Ng5 46. Rg6 Rc1 47. Kd2 Rc4 48. Rg8 Kf5 49. Rf8+ Ke6 50. Ra8 Nf3+ 51. Kd1 Rb4 52. Ra2 Rb1+ 53. Kc2 Rf1 54. Kb3 Ng5 55. Kb4 Kd6 56. Ka5 Nh3 57. Kb4 Nxf2 58. Kc3 Nd1+ 0-1

[Event "Can Ninetes op 11th"]
[Site "Can Ninetes"]
[Date "2016.08.01"]
[Round "9"]
[White "Cobos Navarro, Francesco"]
[Black "Massaguer Soles, Francesc"]
[Result "0-1"]
[WhiteElo "2010"]
[BlackElo "1739"]
[PlyCount "86"]
[EventDate "2016.08.01"]
[EventType "swiss"]
[EventRounds "9"]
[EventCountry "ESP"]
[SourceTitle "CBM 173 Extra"]
[Source "ChessBase"]
[SourceDate "2016.08.29"]
[SourceVersion "1"]
[SourceVersionDate "2016.08.29"]
[SourceQuality "1"]

1. e4 Nc6 2. d4 e5 3. d5 Nce7 4. c4 Ng6 5. Nc3 Bc5 6. Nf3 d6 7. Na4 Bb4+ 8. Nd2 Nf6 9. Qc2 0-0 10. a3 Bxd2+ 11. Bxd2 Bd7 12. Nc3 c6 13. Be2 cxd5 14. cxd5 Rc8 15. 0-0 a6 16. h3 Ne8 17. g4 Qh4 18. Kg2 Nf6 19. Qd3 Nf4+ 20. Bxf4 exf4 21. Qd2 Qg5 22. f3 h5 23. h4 Qxh4 24. Qxf4 hxg4 25. Rh1 gxf3+ 26. Qxf3 Qg4+ 27. Kf2 Qxf3+ 28. Bxf3 Bg4 29. Rh4 Bxf3 30. Kxf3 g6 31. Kf4 Kg7 32. Rhh1 Rh8 33. Ke3 Rxh1 34. Rxh1 Ng4+ 35. Kf4 Ne5 36. Rh2 Rh8 37. Rg2 Rh4+ 38. Ke3 Rh3+ 39. Kd2 Nc4+ 40. Ke2 Nxb2 41. e5 Nc4 42. exd6 Nxd6 43. Kd2 Nc4+ 0-1

[Event "Can Ninetes op 11th"]
[Site "Can Ninetes"]
[Date "2016.08.01"]
[Round "4"]
[White "Massaguer Soles, Francesc"]
[Black "Foix Breto, Antoni"]
[Result "1-0"]
[WhiteElo "1739"]
[BlackElo "1639"]
[PlyCount "73"]
[EventDate "2016.08.01"]
[EventType "swiss"]
[EventRounds "9"]
[EventCountry "ESP"]
[SourceTitle "CBM 173 Extra"]
[Source "ChessBase"]
[SourceDate "2016.08.29"]
[SourceVersion "1"]
[SourceVersionDate "2016.08.29"]
[SourceQuality "1"]

1. e4 c5 2. Nf3 d6 3. g3 Nc6 4. Bg2 Nf6 5. d3 e6 6. 0-0 Be7 7. c3 Rb8 8. Nbd2 b5 9. Re1 0-0 10. Qc2 Bb7 11. Nf1 Nd7 12. h4 Nce5 13. N1h2 Nxf3+ 14. Nxf3 Nf6 15. Nh2 h6 16. Qe2 Kh8 17. Be3 Rg8 18. Qd2 Qf8 19. g4 Nh7 20. Nf3 e5 21. Kf1 Bc8 22. Bh3 h5 23. Ng5 hxg4 24. Nxh7 Kxh7 25. Qe2 g6 26. Bxg4 f5 27. exf5 gxf5 28. Bh3 Qf7 29. Qf3 Bxh4 30. Ke2 f4 31. Bxc8 Rbxc8 32. Rh1 Qf6 33. Rxh4+ Kg7 34. Rg1+ Kf7 35. Qd5+ Qe6 36. Rh7+ Kf6 37. Rh6+ 1-0

[Event "Sant Gregori Ajuntament op-A 1st"]
[Site "Sant Gregori"]
[Date "2016.07.04"]
[Round "1.12"]
[White "Vinolas Anglada, Laura"]
[Black "Massaguer Soles, Francesc"]
[Result "0-1"]
[WhiteElo "1641"]
[BlackElo "1981"]
[PlyCount "51"]
[EventDate "2016.07.04"]
[EventType "tourn"]
[EventRounds "7"]
[EventCountry "ESP"]
[SourceTitle "EXT 2024"]
[Source "ChessBase"]
[SourceDate "2023.10.10"]
[SourceVersion "1"]
[SourceVersionDate "2023.10.10"]
[SourceQuality "1"]

1. e4 Nc6 2. d4 e5 3. d5 Nce7 4. c4 Nf6 5. Nc3 d6 6. f4 g6 7. Nf3 Bg4 8. Be2 Bg7 9. Qd3 Nd7 10. h3 Nc5 11. Qc2 Bd7 12. Be3 c6 13. 0-0-0 cxd5 14. exd5 Bf5 15. Qd2 0-0 16. fxe5 Nc8 17. exd6 Qxd6 18. Bh6 Nb6 19. Bxg7 Kxg7 20. Qd4+ Kg8 21. Qe5 Qxe5 22. Nxe5 Rfe8 23. b4 Nca4 24. Nxa4 Nxa4 25. d6 Rxe5 26. Bf3 0-1

[Event "Girona-ch"]
[Site "Blanes"]
[Date "2015.??.??"]
[Round "6"]
[White "Cros Garcia, Marc"]
[Black "Massaguer Soles, Francesc"]
[Result "0-1"]
[WhiteElo "1770"]
[BlackElo "1977"]
[PlyCount "56"]
[EventDate "2015.09.27"]
[EventType "swiss"]
[EventRounds "9"]
[EventCountry "ESP"]
[SourceTitle "EXT 2017"]
[Source "ChessBase"]
[SourceDate "2016.10.25"]
[SourceVersion "1"]
[SourceVersionDate "2016.10.25"]
[SourceQuality "1"]

1. e4 Nc6 2. Nf3 f5 3. Nc3 fxe4 4. Nxe4 d5 5. Ng3 Nf6 6. h3 e5 7. Bb5 Bd6 8. d3 0-0 9. 0-0 Bd7 10. c4 Ne7 11. Bxd7 Qxd7 12. Qb3 c6 13. c5 Bc7 14. Qxb7 e4 15. dxe4 Rab8 16. Qa6 Bxg3 17. fxg3 Nxe4 18. Ne5 Rxf1+ 19. Qxf1 Qe6 20. Nd3 Nxg3 21. Qe1 Qxe1+ 22. Nxe1 Ne2+ 23. Kf2 Nxc1 24. Rxc1 Rxb2+ 25. Kf3 Rxa2 26. Nd3 Ra3 27. Ke2 Nf5 28. Ne5 Re3+ 0-1

[Event "Girona-ch"]
[Site "Blanes"]
[Date "2015.??.??"]
[Round "3"]
[White "Massaguer Soles, Francesc"]
[Black "Boix Gravolosa, Josep M"]
[Result "1-0"]
[WhiteElo "1977"]
[BlackElo "1817"]
[PlyCount "137"]
[EventDate "2015.09.27"]
[EventType "swiss"]
[EventRounds "9"]
[EventCountry "ESP"]
[SourceTitle "EXT 2017"]
[Source "ChessBase"]
[SourceDate "2016.10.25"]
[SourceVersion "1"]
[SourceVersionDate "2016.10.25"]
[SourceQuality "1"]

1. f4 f5 2. Nf3 Nf6 3. b3 Nc6 4. e3 e6 5. Bb2 d5 6. Bb5 Bd7 7. Nc3 Bd6 8. 0-0 0-0 9. Ne2 a6 10. Bxc6 Bxc6 11. Ne5 Be8 12. Nd4 Qe7 13. Ndf3 Bh5 14. Qe1 Bxe5 15. Bxe5 Ng4 16. Bb2 c5 17. a4 b5 18. Qg3 Nf6 19. d3 Bxf3 20. Rxf3 b4 21. Qh4 Ra7 22. Raf1 Ng4 23. Qxe7 Rxe7 24. h3 Nf6 25. Be5 Rd7 26. Rc1 d4 27. exd4 cxd4 28. Rf2 Kf7 29. Re2 Rc8 30. Kf2 Nd5 31. Kf3 Ne7 32. g4 g6 33. g5 Ng8 34. h4 h5 35. gxh6 Nxh6 36. h5 Rg8 37. Rg1 Ng4 38. h6 Nxh6 39. Rh2 Ng4 40. Rh7+ Ke8 41. Rxd7 Nxe5+ 42. fxe5 Kxd7 43. Kf4 Ke7 44. Kg5 a5 45. Rh1 Kf7 46. Rh7+ Rg7 47. Rh4 Rg8 48. Rxd4 Rc8 49. Rd7+ Ke8 50. Ra7 Rxc2 51. Rxa5 Rg2+ 52. Kf6 f4 53. Kxe6 Kd8 54. Rd5+ Kc8 55. Kd6 f3 56. e6 Re2 57. e7 f2 58. Re5 Rxe5 59. Kxe5 f1Q 60. e8Q+ Kb7 61. Qe7+ Ka8 62. Qd8+ Kb7 63. Qd5+ Kb8 64. d4 Qf5+ 65. Kd6 Qf6+ 66. Kc5 Qf5 67. Qxf5 gxf5 68. Kxb4 f4 69. Kc3 1-0

[Event "Girona-ch"]
[Site "Blanes"]
[Date "2015.??.??"]
[Round "5"]
[White "Massaguer Soles, Francesc"]
[Black "Garcia Taberner, Laura"]
[Result "0-1"]
[WhiteElo "1977"]
[BlackElo "2141"]
[PlyCount "94"]
[EventDate "2015.09.27"]
[EventType "swiss"]
[EventRounds "9"]
[EventCountry "ESP"]
[SourceTitle "EXT 2017"]
[Source "ChessBase"]
[SourceDate "2016.10.25"]
[SourceVersion "1"]
[SourceVersionDate "2016.10.25"]
[SourceQuality "1"]

1. e4 e6 2. d4 d5 3. e5 c5 4. c3 Nc6 5. Nf3 Qb6 6. Bd3 Bd7 7. 0-0 Nh6 8. Nbd2 cxd4 9. cxd4 Nxd4 10. a3 Nhf5 11. Nxd4 Nxd4 12. Nf3 Be7 13. Be3 Nxf3+ 14. Qxf3 Qxb2 15. Qf4 Qc3 16. Be2 Qc2 17. Bf3 Bc6 18. Qd4 0-0 19. Rfc1 Qf5 20. h4 f6 21. Bg4 Qxe5 22. Qxe5 fxe5 23. Bxe6+ Kh8 24. h5 h6 25. Bc5 Bxc5 26. Rxc5 Rad8 27. g4 Rfe8 28. Bf7 Re7 29. Bg6 d4 30. Re1 e4 31. Rxc6 bxc6 32. Bxe4 d3 33. f3 d2 34. Rd1 c5 35. Kf2 c4 36. Bc2 c3 37. Rb1 Re6 38. a4 Rb6 39. Rxb6 axb6 40. Ke2 Kg8 41. Bd1 Kf7 42. Bb3+ Kf6 43. Bd1 Re8+ 44. Kd3 Re1 45. Kc2 Rxd1 46. Kxd1 Ke5 47. Ke2 Kf4 0-1

[Event "Girona-ch"]
[Site "Blanes"]
[Date "2015.??.??"]
[Round "9"]
[White "Massaguer Soles, Francesc"]
[Black "Martin Fernandez, Santiago"]
[Result "1-0"]
[WhiteElo "1977"]
[BlackElo "2004"]
[PlyCount "95"]
[EventDate "2015.09.27"]
[EventType "swiss"]
[EventRounds "9"]
[EventCountry "ESP"]
[SourceTitle "EXT 2017"]
[Source "ChessBase"]
[SourceDate "2016.10.25"]
[SourceVersion "1"]
[SourceVersionDate "2016.10.25"]
[SourceQuality "1"]

1. e4 c5 2. Nc3 Nc6 3. f4 e6 4. Nf3 a6 5. a3 Qc7 6. g3 b5 7. Bg2 Bb7 8. d3 d6 9. Bd2 Nge7 10. 0-0 g6 11. Kh1 Bg7 12. Rb1 Rc8 13. Ne2 0-0 14. Qe1 h6 15. g4 Nd4 16. Nexd4 cxd4 17. Qh4 f5 18. exf5 exf5 19. g5 h5 20. Rbc1 Nd5 21. Qf2 Qb6 22. Nh4 Ne3 23. Rfe1 Rxc2 24. Rxc2 Bxg2+ 25. Nxg2 Nxc2 26. Re6 Qc5 27. Qe2 Qd5 28. Re7 Ne3 29. Bxe3 dxe3 30. Rxe3 Qa2 31. Nh4 Qa1+ 32. Kg2 Bd4 33. Re7 Qxb2 34. Nxg6 Rf7 35. Kh3 Qxe2 36. Rxe2 Bc5 37. Ra2 b4 38. Nh4 Kg7 39. Nf3 Re7 40. Nh4 Re3+ 41. Kg2 Rxd3 42. Nxf5+ Kf8 43. Rb2 a5 44. axb4 axb4 45. g6 b3 46. Re2 d5 47. g7+ Kg8 48. Re8+ 1-0